[Event "LiSB-ch Seniors"]
[Site "Stein"]
[Date "2002.12.01"]
[Round "2"]
[White "Blankertz, Harald"]
[Black "Verstappen, Theo"]
[Result "0-1"]
[WhiteElo "1254"]
[BlackElo "1524"]
[PlyCount "129"]
[EventDate "2002.11.30"]
[EventType "tourn"]
[EventRounds "5"]
[EventCountry "NED"]
[Source "P.Boonen"]
[SourceDate "2012.01.01"]

1. c4 c5 2. g3 Nf6 3. Bg2 e6 4. e3 d5 5. Ne2 Nc6 6. d4 dxc4 7. Nbc3 cxd4 8.
exd4 Be7 9. O-O O-O 10. Be3 Bd7 11. Nf4 Qa5 12. d5 exd5 13. Nfxd5 Rad8 14. b3
Be6 15. Qc2 Nxd5 16. Bxd5 Bxd5 17. Nxd5 Rxd5 18. Qxc4 Rfd8 19. Qe2 Bf6 20. Rab1
Nd4 21. Bxd4 Rxd4 22. Qf3 Qb6 23. a4 h6 24. Kg2 Qc6 25. Qxc6 bxc6 26. Rfc1 Rc8
27. b4 Rdd8 28. Rc5 Bd4 29. Rc4 Bf6 30. Rbc1 Be7 31. b5 c5 32. a5 Rd2 33. Rb1
Ra2 34. b6 axb6 35. axb6 Rb8 36. Rb5 Ra6 37. b7 Ra7 38. h4 Raxb7 39. Rxb7 Rxb7
40. Ra4 Rc7 41. Rc4 Rb7 42. Ra4 Rb4 43. Ra8+ Kh7 44. Rc8 c4 45. Kh3 Bf6 46. f4
Bb2 47. Kg4 c3 48. Kf3 Rd4 49. Ke3 Rd1 50. Ke2 Rh1 51. Ke3 Rh2 52. Kd3 Rg2 53.
Rc7 Rxg3+ 54. Kc2 f6 55. Rc4 Rh3 56. f5 Rf3 57. Kb1 Rxf5 58. Rg4 Rf1+ 59. Kc2
f5 60. Rc4 f4 61. h5 f3 62. Rf4 f2 63. Rf3 Rc1+ 64. Kd3 f1=Q+ 65. Rxf1 0-1

[Event "LiSB-ch Seniors"]
[Site "Stein"]
[Date "2002.12.01"]
[Round "2"]
[White "Hanssen, Jacques"]
[Black "Ebel, Huub"]
[Result "1-0"]
[WhiteElo "1481"]
[BlackElo "1276"]
[PlyCount "101"]
[EventDate "2002.11.30"]
[EventType "tourn"]
[EventRounds "5"]
[EventCountry "NED"]
[Source "P.Boonen"]
[SourceDate "2012.01.01"]

1. Nf3 Nc6 2. d4 d5 3. e3 a6 4. Nbd2 e6 5. c3 Bd6 6. e4 dxe4 7. Nxe4 Be7 8. Bd3
h6 9. O-O Nf6 10. Nxf6+ Bxf6 11. Qe2 Qd6 12. Re1 Bd7 13. a4 Ne7 14. g3 Ng6 15.
Bxg6 fxg6 16. Bf4 Qb6 17. Ne5 Bxe5 18. Bxe5 O-O 19. Bf4 g5 20. Be3 Qd6 21. f4
Qd5 22. Qg2 Qxg2+ 23. Kxg2 Bc6+ 24. Kg1 g4 25. Bf2 Rf6 26. c4 Raf8 27. Re5 Kh7
28. Rae1 Bxa4 29. Rxe6 Bb3 30. Rxf6 Rxf6 31. c5 Re6 32. Re5 c6 33. Be3 g6 34.
Kf2 h5 35. Ke2 Kg7 36. Kd2 Kf6 37. Kc3 Bd5 38. Kb4 Rxe5 39. fxe5+ Kf5 40. Ka5
Be6 41. Kb6 Ke4 42. Bg1 Kd3 43. Kxb7 Kc2 44. d5 Bf5 45. Bd4 Kd3 46. Bc3 a5 47.
d6 a4 48. Kxc6 a3 49. bxa3 Kxc3 50. d7 Bxd7+ 51. Kxd7 1-0

[Event "LiSB-ch Seniors"]
[Site "Stein"]
[Date "2002.12.01"]
[Round "2"]
[White "Montforts, Ton"]
[Black "Werts, Ruud"]
[Result "1-0"]
[WhiteElo "1626"]
[BlackElo "1595"]
[PlyCount "133"]
[EventDate "2002.11.30"]
[EventType "tourn"]
[EventRounds "5"]
[EventCountry "NED"]
[Source "P.Boonen"]
[SourceDate "2012.01.01"]

1. Nf3 c5 2. g3 Nc6 3. Bg2 d5 4. c4 d4 5. d3 e5 6. O-O Nf6 7. a3 a5 8. Nbd2 Be7
9. Re1 O-O 10. Qc2 Rb8 11. h3 Be6 12. Ng5 Bd7 13. Nge4 Qc8 14. Kh2 h6 15. Nxf6+
Bxf6 16. Nf3 Be6 17. e3 Qc7 18. exd4 Nxd4 19. Nxd4 exd4 20. Bf4 Qc8 21. Bxb8
Qxb8 22. Rab1 b5 23. cxb5 Qxb5 24. b4 cxb4 25. axb4 axb4 26. Rb2 b3 27. Qb1 Be7
28. Re4 Qb6 29. Rxb3 Bxb3 30. Rxe7 Qb4 31. Rb7 Qd2 32. Rxb3 Qxf2 33. Qf1 Qc2
34. Rb7 g6 35. Kh1 Qc8 36. Qf4 Qc3 37. Rd7 Qxd3 38. Rxd4 Qb1+ 39. Kh2 Qb2 40.
Rb4 Qg7 41. Rb7 Rd8 42. Rb8 Rxb8 43. Qxb8+ Qf8 44. Qxf8+ Kxf8 45. Bd5 Ke7 46.
Kg2 f5 47. Kf3 Kf6 48. Bc6 Ke5 49. Bd7 g5 50. Be8 Kf6 51. g4 f4 52. Ke4 Ke6 53.
Bc6 Kd6 54. Ba8 Ke6 55. Kd4 Kd6 56. Kc4 Ke5 57. Kc5 Ke6 58. Be4 Ke5 59. Bf3 Ke6
60. Kc6 Ke5 61. Kd7 Kd4 62. Ke7 Ke3 63. Bb7 f3 64. Kf6 f2 65. Bg2 Kf4 66. Kg6
Kg3 67. Bf1 1-0

[Event "LiSB-ch Seniors"]
[Site "Stein"]
[Date "2002.12.01"]
[Round "3"]
[White "Ebel, Huub"]
[Black "Blankertz, Harald"]
[Result "1-0"]
[WhiteElo "1276"]
[BlackElo "1254"]
[PlyCount "103"]
[EventDate "2002.11.30"]
[EventType "tourn"]
[EventRounds "5"]
[EventCountry "NED"]
[Source "P.Boonen"]
[SourceDate "2012.01.01"]

1. d4 c6 2. c4 d6 3. e4 Nf6 4. Nc3 Nbd7 5. Nf3 e5 6. Be3 Be7 7. h3 a6 8. Be2
O-O 9. O-O b6 10. d5 c5 11. Qd2 Rb8 12. Nh4 Ne8 13. Nf5 Ndf6 14. Nxe7+ Qxe7 15.
f4 g6 16. f5 Kh8 17. Bh6 Ng7 18. Qg5 Rb7 19. Rf2 b5 20. cxb5 axb5 21. Nxb5 Nxe4
22. Qxe7 Rxe7 23. Bxg7+ Kg8 24. f6 Rb7 25. Bxf8 Kxf8 26. Rf3 Nd2 27. Ra3 Rb8
28. Ra5 c4 29. Bg4 Bxg4 30. hxg4 Ne4 31. a4 Nxf6 32. Nxd6 Ke7 33. Nxc4 Nxg4 34.
Ra7+ Kf6 35. Rf1+ Kg5 36. Rfxf7 h5 37. d6 Rb4 38. Rfc7 Nf6 39. Nxe5 Rxb2 40. d7
Rb1+ 41. Kf2 Rb2+ 42. Ke1 Nxd7 43. Rxd7 Rxg2 44. Ra6 Kf5 45. Nf3 Ra2 46. Rf7+
Ke4 47. Re6+ Kd5 48. Rxg6 h4 49. Nxh4 Rxa4 50. Rf5+ Ke4 51. Rg4+ Kd3 52. Rxa4
1-0

[Event "LiSB-ch Seniors"]
[Site "Stein"]
[Date "2002.12.01"]
[Round "3"]
[White "Verstappen, Theo"]
[Black "Montforts, Ton"]
[Result "0-1"]
[WhiteElo "1524"]
[BlackElo "1626"]
[PlyCount "128"]
[EventDate "2002.11.30"]
[EventType "tourn"]
[EventRounds "5"]
[EventCountry "NED"]
[Source "P.Boonen"]
[SourceDate "2012.01.01"]

1. e4 c5 2. Nf3 Nc6 3. d4 cxd4 4. Nxd4 g6 5. Nc3 Bg7 6. Be3 Nf6 7. Be2 O-O 8.
O-O a6 9. Rb1 Qc7 10. f4 d6 11. f5 Bd7 12. Qd2 Nxd4 13. Bxd4 Bc6 14. Bxf6 Bxf6
15. Bd3 Rac8 16. Nd5 Bxd5 17. exd5 Qc5+ 18. Kh1 Qxd5 19. fxg6 hxg6 20. Qh6 Qg5
21. Qxg5 Bxg5 22. b3 d5 23. Rbe1 Bf6 24. c4 dxc4 25. Bxc4 Kg7 26. h3 Rfd8 27.
Rd1 b5 28. Bd5 Rc2 29. a4 bxa4 30. bxa4 Rb8 31. Rb1 Rxb1 32. Rxb1 a5 33. Bf3
Ra2 34. Bc6 Re2 35. Kg1 Bc3 36. Kf1 Re5 37. Bb5 f5 38. Rd1 Kf6 39. Kf2 Kg5 40.
Be8 Bb4 41. Rc1 Re6 42. Kf3 Bd6 43. Rc4 f4 44. Rd4 Re3+ 45. Kf2 Bc5 46. Rd7
Ra3+ 47. Ke2 Re3+ 48. Kf1 Kf6 49. Rd5 Bb4 50. Rb5 Be1 51. Rb6+ e6 52. Rb1 Bb4
53. Rd1 g5 54. Rd7 Be7 55. Rb7 Re5 56. Kf2 Rd5 57. Ke2 Bd8 58. Bb5 Re5+ 59. Kf2
Be7 60. Rb8 Bb4 61. Rh8 Be1+ 62. Kf1 Bg3 63. Rf8+ Kg7 64. Ra8 Re1# 0-1

[Event "LiSB-ch Seniors"]
[Site "Stein"]
[Date "2002.12.01"]
[Round "3"]
[White "Werts, Ruud"]
[Black "Hanssen, Jacques"]
[Result "1-0"]
[WhiteElo "1595"]
[BlackElo "1481"]
[PlyCount "55"]
[EventDate "2002.11.30"]
[EventType "tourn"]
[EventRounds "5"]
[EventCountry "NED"]
[Source "P.Boonen"]
[SourceDate "2012.01.01"]

1. c4 Nf6 2. Nc3 e6 3. e4 d6 4. d4 Nbd7 5. Nf3 Be7 6. Be2 e5 7. dxe5 dxe5 8.
O-O O-O 9. Qc2 h6 10. Be3 Bd6 11. Rad1 Qe7 12. a3 a6 13. b4 b6 14. Nd2 Rd8 15.
Nb3 c5 16. bxc5 Nxc5 17. Nxc5 Bxc5 18. Bxc5 bxc5 19. Nd5 Nxd5 20. cxd5 Rd6 21.
Qxc5 Bd7 22. Rc1 Rc8 23. Qb4 f5 24. Bxa6 Rxc1 25. Rxc1 fxe4 26. Rc7 Qf6 27. Bf1
Rxd5 28. Bc4 1-0

[Event "LiSB-ch Seniors"]
[Site "Stein"]
[Date "2002.12.07"]
[Round "4"]
[White "Hanssen, Jacques"]
[Black "Blankertz, Harald"]
[Result "1-0"]
[WhiteElo "1481"]
[BlackElo "1254"]
[PlyCount "57"]
[EventDate "2002.11.30"]
[EventType "tourn"]
[EventRounds "5"]
[EventCountry "NED"]
[Source "P.Boonen"]
[SourceDate "2012.01.01"]

1. Nf3 d6 2. d4 Nf6 3. c4 Bf5 4. Nc3 Nbd7 5. Qb3 Rb8 6. g3 c6 7. Bg2 a6 8. O-O
Be6 9. Ng5 d5 10. Nxe6 fxe6 11. Bf4 dxc4 12. Qxc4 Rc8 13. Qxe6 Qb6 14. Qb3 h6
15. Qxb6 Nxb6 16. b3 Rg8 17. Bh3 Ra8 18. Be6 Rh8 19. Rad1 Nfd5 20. Nxd5 Nxd5
21. Be5 Nc3 22. Rd2 Nd5 23. Rc1 Rd8 24. e4 Nf6 25. f3 Ra8 26. d5 Rd8 27. Bc7
Ra8 28. dxc6 g5 29. cxb7 1-0

[Event "LiSB-ch Seniors"]
[Site "Stein"]
[Date "2002.12.07"]
[Round "4"]
[White "Montforts, Ton"]
[Black "Ebel, Huub"]
[Result "1-0"]
[WhiteElo "1626"]
[BlackElo "1276"]
[PlyCount "49"]
[EventDate "2002.11.30"]
[EventType "tourn"]
[EventRounds "5"]
[EventCountry "NED"]
[Source "P.Boonen"]
[SourceDate "2012.01.01"]

1. e4 e5 2. Nc3 Nc6 3. Bc4 Bc5 4. d3 d6 5. Nf3 Nf6 6. Bg5 O-O 7. Nd5 Bg4 8. c3
Na5 9. b4 Nxc4 10. bxc5 c6 11. Nxf6+ Kh8 12. Nxh7 Bxf3 13. Qxf3 Qa5 14. dxc4
Kxh7 15. O-O Qxc5 16. Rfd1 f6 17. Bc1 b5 18. cxb5 cxb5 19. a4 b4 20. cxb4 Qxb4
21. Ba3 Qa5 22. Bxd6 Rh8 23. Qf5+ Kg8 24. Qe6+ Kh7 25. Rd3 1-0

[Event "LiSB-ch Seniors"]
[Site "Stein"]
[Date "2002.12.07"]
[Round "4"]
[White "Werts, Ruud"]
[Black "Verstappen, Theo"]
[Result "1-0"]
[WhiteElo "1595"]
[BlackElo "1524"]
[PlyCount "75"]
[EventDate "2002.11.30"]
[EventType "tourn"]
[EventRounds "5"]
[EventCountry "NED"]
[Source "P.Boonen"]
[SourceDate "2012.01.01"]

1. c4 c5 2. Nc3 Nc6 3. e4 e6 4. Nf3 Nf6 5. Be2 d6 6. O-O Be7 7. d4 cxd4 8. Nxd4
O-O 9. Be3 Bd7 10. Ndb5 Be8 11. a3 a6 12. Nd4 Nxd4 13. Bxd4 e5 14. Be3 Bc6 15.
Qc2 Qc7 16. Rac1 Rfd8 17. Qd3 Rac8 18. b4 b6 19. Nd5 Qb7 20. f3 Bxd5 21. cxd5
Rxc1 22. Rxc1 b5 23. Rc6 h6 24. Qc2 Ne8 25. Rb6 Qa8 26. Qc6 Qxc6 27. dxc6 Nc7
28. Rb7 Rc8 29. f4 Kf8 30. Bg4 Ne6 31. Bxe6 fxe6 32. c7 Ke8 33. Rb6 d5 34. Rxa6
Rxc7 35. Rb6 exf4 36. Bxf4 Rc3 37. Rxb5 Rxa3 38. Rb8+ 1-0

[Event "LiSB-ch Seniors"]
[Site "Stein"]
[Date "2002.12.08"]
[Round "5"]
[White "Blankertz, Harald"]
[Black "Montforts, Ton"]
[Result "0-1"]
[WhiteElo "1254"]
[BlackElo "1626"]
[PlyCount "64"]
[EventDate "2002.11.30"]
[EventType "tourn"]
[EventRounds "5"]
[EventCountry "NED"]
[Source "P.Boonen"]
[SourceDate "2012.01.01"]

1. c4 d5 2. d4 dxc4 3. Nc3 Nf6 4. g3 e6 5. Bg2 c6 6. e4 Bb4 7. Nge2 O-O 8. O-O
b5 9. Bg5 Be7 10. Be3 Bb7 11. Rb1 Nbd7 12. f4 a5 13. a4 b4 14. Na2 c5 15. d5
exd5 16. exd5 Nb6 17. b3 Nbxd5 18. bxc4 Nxe3 19. Qxd8 Raxd8 20. Rf2 Nxg2 21.
Nac1 Rd1+ 22. Rf1 Rxf1+ 23. Kxf1 Ne3+ 24. Kf2 Nxc4 25. Nb3 Ne4+ 26. Kg1 Ned2
27. Nxd2 Nxd2 28. Rd1 Nf3+ 29. Kf2 c4 30. Rd7 Bc5+ 31. Kf1 Bc8 32. Rc7 Bh3# 0-1

[Event "LiSB-ch Seniors"]
[Site "Stein"]
[Date "2002.12.08"]
[Round "5"]
[White "Ebel, Huub"]
[Black "Werts, Ruud"]
[Result "0-1"]
[WhiteElo "1276"]
[BlackElo "1595"]
[PlyCount "68"]
[EventDate "2002.11.30"]
[EventType "tourn"]
[EventRounds "5"]
[EventCountry "NED"]
[Source "P.Boonen"]
[SourceDate "2012.01.01"]

1. d4 c5 2. Nf3 e6 3. e4 Nc6 4. a3 Nf6 5. Qd3 c4 6. Qxc4 Nxe4 7. Nc3 d5 8. Qa2
Be7 9. Be3 Qa5 10. Qb3 O-O 11. Be2 a6 12. Ne5 Bd6 13. f4 f6 14. Nxc6 bxc6 15.
O-O Rb8 16. Qa4 Qb6 17. Nxe4 dxe4 18. b4 Qc7 19. c4 e5 20. f5 exd4 21. c5 Bxh2+
22. Kh1 dxe3 23. Qb3+ Kh8 24. Rad1 a5 25. Rd6 Bxd6 26. cxd6 Qxd6 27. Qxe3 axb4
28. axb4 Qxb4 29. Rf4 c5 30. Rxe4 Qe1+ 31. Kh2 Bxf5 32. Re7 Qh4+ 33. Kg1 Rb1+
34. Bf1 Qd4 0-1

[Event "LiSB-ch Seniors"]
[Site "Stein"]
[Date "2002.12.08"]
[Round "5"]
[White "Verstappen, Theo"]
[Black "Hanssen, Jacques"]
[Result "1-0"]
[WhiteElo "1524"]
[BlackElo "1481"]
[PlyCount "112"]
[EventDate "2002.11.30"]
[EventType "tourn"]
[EventRounds "5"]
[EventCountry "NED"]
[Source "P.Boonen"]
[SourceDate "2012.01.01"]

1. e4 g6 2. d4 Bg7 3. f4 c6 4. Nf3 d5 5. e5 Bg4 6. Be3 h5 7. Nbd2 Nh6 8. Bd3 e6
9. c3 Nd7 10. Qc2 Bf5 11. h3 h4 12. Bf2 Bxd3 13. Qxd3 Nf5 14. Ng5 Bh6 15. Ndf3
Bxg5 16. Nxg5 Qe7 17. O-O-O f6 18. exf6 Nxf6 19. Rhe1 Ne4 20. Nxe4 dxe4 21.
Rxe4 Kf7 22. Rde1 Rae8 23. Rxe6 Qxe6 24. Rxe6 Rxe6 25. d5 Rd6 26. c4 b6 27. Bd4
Nxd4 28. Qxd4 Rhd8 29. f5 cxd5 30. fxg6+ Kxg6 31. Qg4+ Kf7 32. Qxh4 dxc4 33.
Qxc4+ Rd5 34. b3 b5 35. Qc7+ R8d7 36. Qf4+ Ke6 37. Qe3+ Kf6 38. Qe2 Rc7+ 39.
Kb2 Rdc5 40. Qd2 Kf5 41. g3 Ke4 42. Qf4+ Kd3 43. Qf3+ Kd4 44. Qd1+ Ke4 45. h4
Rc3 46. Qe2+ Re3 47. Qg4+ Kd5 48. Qg8+ Ke4 49. g4 Rec3 50. Qg6+ Kf3 51. Qf6+
Kxg4 52. Qxc3 Rxc3 53. Kxc3 a5 54. Kd4 Kxh4 55. Kc5 a4 56. Kxb5 Kg3 1-0

[Event "LiSB-ch Veterans"]
[Site "Stein"]
[Date "2002.11.30"]
[Round "1"]
[White "De Wit, Gerrit"]
[Black "Lemaire, Jack"]
[Result "1-0"]
[WhiteElo "1642"]
[BlackElo "1705"]
[PlyCount "71"]
[EventDate "2002.11.30"]
[EventType "swiss"]
[EventRounds "5"]
[EventCountry "NED"]
[Source "P.Boonen"]
[SourceDate "2012.01.01"]

1. e4 e5 2. Nf3 Nf6 3. Nxe5 d6 4. Nf3 Nxe4 5. d4 d5 6. Bd3 Be7 7. O-O Nc6 8. c4
Nb4 9. Be2 Be6 10. a3 Nc6 11. c5 a5 12. Nc3 Nxc3 13. bxc3 O-O 14. Bd3 Bf6 15.
Rb1 b6 16. cxb6 cxb6 17. Bf4 Ne7 18. Qb3 Nc8 19. Rfe1 Ra7 20. Ne5 Bxe5 21. Rxe5
Re7 22. Qc2 h6 23. Qe2 Nd6 24. Qh5 Rfe8 25. Rbe1 Qd7 26. h3 Qc8 27. R5e3 Qd7
28. g4 f5 29. g5 hxg5 30. Bxg5 Rf7 31. Bf4 Ne4 32. Qf3 g6 33. Rb1 Nd2 34. Qd1
Nxb1 35. Qxb1 g5 36. Bb5 1-0

[Event "LiSB-ch Veterans"]
[Site "Stein"]
[Date "2002.11.30"]
[Round "1"]
[White "Meijerink, Harrie"]
[Black "Claes, Peter"]
[Result "0-1"]
[WhiteElo "1691"]
[BlackElo "1691"]
[PlyCount "34"]
[EventDate "2002.11.30"]
[EventType "swiss"]
[EventRounds "5"]
[EventCountry "NED"]
[Source "P.Boonen"]
[SourceDate "2012.01.01"]

1. d4 d5 2. c4 c6 3. Nf3 Nf6 4. Nc3 e6 5. e3 Nbd7 6. Qc2 Bd6 7. Be2 e5 8. dxe5
Nxe5 9. cxd5 Nxd5 10. Nxd5 cxd5 11. Qb3 Be6 12. Bb5+ Nc6 13. Nd4 O-O 14. Bxc6
bxc6 15. Nxc6 Qc7 16. Nd4 Rab8 17. Qc3 Bb4 0-1

[Event "LiSB-ch Veterans"]
[Site "Stein"]
[Date "2002.11.30"]
[Round "1"]
[White "Simonis, Peter"]
[Black "Michon, John"]
[Result "0-1"]
[WhiteElo "1746"]
[BlackElo "1689"]
[PlyCount "76"]
[EventDate "2002.11.30"]
[EventType "swiss"]
[EventRounds "5"]
[EventCountry "NED"]
[Source "P.Boonen"]
[SourceDate "2012.01.01"]

1. e4 c5 2. Nf3 Nc6 3. d4 cxd4 4. Nxd4 Nf6 5. Nc3 e5 6. Ndb5 d6 7. Bg5 a6 8.
Na3 Be7 9. Bxf6 Bxf6 10. Nd5 O-O 11. c3 b5 12. Nc2 Bb7 13. Nce3 Bg5 14. Nf5 g6
15. h4 gxf5 16. hxg5 Qxg5 17. Rh5 Qd8 18. Rxf5 f6 19. Qg4+ Kh8 20. Qh4 Bc8 21.
Nxf6 Ra7 22. Nh5 Bxf5 23. Qxd8 Nxd8 24. exf5 Rxf5 25. Ng3 Rf4 26. Rd1 Rd7 27.
Ne2 Rf6 28. Rd5 Rdf7 29. f3 Nc6 30. Ng3 Ne7 31. Rd1 d5 32. Be2 Rg6 33. Kf2 Rfg7
34. Nh5 Rxg2+ 35. Ke3 Nf5+ 36. Kd3 Rd7 37. Nf6 e4+ 38. fxe4 dxe4+ 0-1

[Event "LiSB-ch Veterans"]
[Site "Stein"]
[Date "2002.11.30"]
[Round "1"]
[White "Tammen, Fred"]
[Black "Hendriks, Frits"]
[Result "1/2-1/2"]
[WhiteElo "1639"]
[BlackElo "1771"]
[PlyCount "30"]
[EventDate "2002.11.30"]
[EventType "swiss"]
[EventRounds "5"]
[EventCountry "NED"]
[Source "P.Boonen"]
[SourceDate "2012.01.01"]

1. d4 d6 2. e4 Nf6 3. Bd3 Nbd7 4. f4 e5 5. c3 c6 6. Nf3 Qc7 7. O-O Be7 8. fxe5
dxe5 9. Qe2 O-O 10. Nbd2 h6 11. Nc4 Bd6 12. Bd2 b5 13. Nxd6 Qxd6 14. Rad1 a6
15. Bc2 Qe7 1/2-1/2

[Event "LiSB-ch Veterans"]
[Site "Stein"]
[Date "2002.12.01"]
[Round "2"]
[White "Claes, Peter"]
[Black "Schreinemachers, Jo"]
[Result "1/2-1/2"]
[WhiteElo "1691"]
[BlackElo "1619"]
[PlyCount "48"]
[EventDate "2002.11.30"]
[EventType "swiss"]
[EventRounds "5"]
[EventCountry "NED"]
[Source "P.Boonen"]
[SourceDate "2012.01.01"]

1. d4 d5 2. Nf3 c6 3. e3 Nf6 4. Bd3 Bg4 5. Nbd2 e6 6. c3 Nbd7 7. Qb3 Qc7 8. Ne5
Nxe5 9. dxe5 Nd7 10. f4 Nc5 11. Qc2 Nxd3+ 12. Qxd3 Be7 13. O-O O-O 14. Nf3 c5
15. h3 Bf5 16. Qe2 Rad8 17. Bd2 Qb6 18. Be1 c4 19. Rf2 Bd3 20. Qd2 Qc5 21. Nd4
Bh4 22. Rf3 Bxe1 23. Rxe1 b5 24. b4 Qb6 1/2-1/2

[Event "LiSB-ch Veterans"]
[Site "Stein"]
[Date "2002.12.01"]
[Round "2"]
[White "Lemaire, Jack"]
[Black "Meijerink, Harrie"]
[Result "0-1"]
[WhiteElo "1705"]
[BlackElo "1691"]
[PlyCount "124"]
[EventDate "2002.11.30"]
[EventType "swiss"]
[EventRounds "5"]
[EventCountry "NED"]
[Source "P.Boonen"]
[SourceDate "2012.01.01"]

1. d4 d5 2. c4 c6 3. Nf3 Nf6 4. Nc3 e6 5. e3 Nbd7 6. Bd3 dxc4 7. Bxc4 b5 8. Bd3
Bb7 9. O-O a6 10. e4 c5 11. d5 exd5 12. exd5 Bxd5 13. Bxb5 Bxf3 14. Bxd7+ Nxd7
15. Qxf3 Be7 16. Rd1 Ra7 17. Be3 O-O 18. Rac1 Qa8 19. Nd5 Bd6 20. Qg4 Ne5 21.
Qh5 f6 22. Bxc5 Bxc5 23. Rxc5 Rd7 24. Ne3 Nd3 25. Qf5 Nxc5 26. Rxd7 Nxd7 27.
Qxd7 Qe4 28. Qd1 Qb4 29. Qc1 Re8 30. h3 Rb8 31. Qc4+ Qxc4 32. Nxc4 Rd8 33. Kf1
Rd1+ 34. Ke2 Rc1 35. Kd3 Rg1 36. Ne3 Rc1 37. Nc4 Kf8 38. b3 Ke7 39. h4 Ke6 40.
a4 f5 41. Ke3 Rc3+ 42. Kd4 Rxb3 43. Kc5 Rb1 44. a5 Rb5+ 45. Kd4 f4 46. Ke4 Rh5
47. g3 g5 48. Nb2 gxh4 49. gxh4 Rxh4 50. Nd3 Kd6 51. Nxf4 Kc5 52. Ke3 Kb5 53.
Nd3 Rh3+ 54. Kd4 Kxa5 55. f4 Kb6 56. f5 Kc7 57. Ne5 Rh4+ 58. Kd5 a5 59. f6 a4
60. f7 Rf4 61. Ke6 a3 62. Ng4 Rxf7 0-1

[Event "LiSB-ch Veterans"]
[Site "Stein"]
[Date "2002.12.01"]
[Round "2"]
[White "Simonis, Peter"]
[Black "Tammen, Fred"]
[Result "0-1"]
[WhiteElo "1746"]
[BlackElo "1639"]
[PlyCount "90"]
[EventDate "2002.11.30"]
[EventType "swiss"]
[EventRounds "5"]
[EventCountry "NED"]
[Source "P.Boonen"]
[SourceDate "2012.01.01"]

1. e4 d6 2. d4 Nf6 3. Nc3 g6 4. Bc4 Bg7 5. Be3 O-O 6. f3 c6 7. Bb3 b5 8. Qd2 e5
9. d5 b4 10. Na4 c5 11. Ne2 Bd7 12. Nxc5 dxc5 13. Bxc5 a5 14. Bxf8 Bxf8 15. O-O
Bb5 16. c4 bxc3 17. bxc3 Qc7 18. c4 Bxc4 19. Bxc4 Qxc4 20. Rac1 Qb5 21. Rb1 Bb4
22. Qc2 Nbd7 23. a3 Qc5+ 24. Qxc5 Bxc5+ 25. Kh1 Bxa3 26. Rb7 Nc5 27. Rb6 Nfd7
28. Rb5 Bb4 29. Ra1 Rc8 30. h4 Kf8 31. g4 Nb3 32. Rd1 Rc2 33. Ng3 Nd4 34. Rb7
Nxf3 35. Nf1 Ke7 36. h5 Bc5 37. Rd3 Nd4 38. Ne3 Rc1+ 39. Kg2 a4 40. Rd1 Rc3 41.
Nf1 a3 42. Ra1 Rc2+ 43. Kh3 Ne2 44. Rbb1 g5 45. Ng3 Nf4# 0-1

[Event "LiSB-ch Veterans"]
[Site "Stein"]
[Date "2002.12.01"]
[Round "3"]
[White "De Wit, Gerrit"]
[Black "Claes, Peter"]
[Result "1/2-1/2"]
[WhiteElo "1642"]
[BlackElo "1691"]
[PlyCount "93"]
[EventDate "2002.11.30"]
[EventType "swiss"]
[EventRounds "5"]
[EventCountry "NED"]
[Source "P.Boonen"]
[SourceDate "2012.01.01"]

1. e4 c5 2. Nf3 d6 3. d4 cxd4 4. Nxd4 Nf6 5. Nc3 a6 6. a4 e6 7. Be2 Be7 8. O-O
O-O 9. Nb3 Nc6 10. f4 Qc7 11. Kh1 Rd8 12. Bf3 Rb8 13. Qe2 e5 14. f5 Bd7 15. a5
Na7 16. Be3 Nc8 17. g4 Bc6 18. g5 Ne8 19. Rg1 Bf8 20. g6 fxg6 21. fxg6 h6 22.
Raf1 Nf6 23. Bg2 Qe7 24. Qf3 d5 25. Bxh6 dxe4 26. Qf2 Ng4 27. Qf7+ Qxf7 28.
gxf7+ Kh7 29. Bg5 Ne7 30. Bxe4+ Bxe4+ 31. Nxe4 Nh6 32. Nbc5 Rd5 33. Ne6 Ng6 34.
h4 Nh8 35. b4 N6xf7 36. Bf6 Nd6 37. Nxf8+ Rxf8 38. Rxg7+ Kh6 39. Ng5 Rxf6 40.
Rh7+ Kg6 41. Rxf6+ Kxf6 42. Rxh8 e4 43. c4 Rd1+ 44. Kg2 e3 45. Rh6+ Kf5 46. Re6
Nxc4 47. Kf3 1/2-1/2

[Event "LiSB-ch Veterans"]
[Site "Stein"]
[Date "2002.12.01"]
[Round "3"]
[White "Lemaire, Jack"]
[Black "Hendriks, Frits"]
[Result "1-0"]
[WhiteElo "1771"]
[BlackElo "1705"]
[PlyCount "71"]
[EventDate "2002.11.30"]
[EventType "swiss"]
[EventRounds "5"]
[EventCountry "NED"]
[Source "P.Boonen"]
[SourceDate "2012.01.01"]

1. d4 d6 2. c4 f5 3. g3 g6 4. Bg2 Bg7 5. Nf3 Nf6 6. O-O O-O 7. Nc3 Qe8 8. Bf4
Nbd7 9. d5 Nc5 10. Rc1 Nfe4 11. Nxe4 Nxe4 12. Qc2 a5 13. Nd2 Nc5 14. Rfe1 e5
15. dxe6 Nxe6 16. Bd5 Kh8 17. Bxe6 Bxe6 18. e4 Qd7 19. e5 d5 20. cxd5 Bxd5 21.
Qxc7 Qxc7 22. Rxc7 Rac8 23. Rec1 Rxc7 24. Rxc7 g5 25. Bxg5 Bxa2 26. f4 Bd5 27.
Be7 Re8 28. Bd6 b6 29. Kf2 h5 30. Nf3 Bxf3 31. Kxf3 h4 32. g4 fxg4+ 33. Kxg4
Rg8 34. Kxh4 Bh6 35. Rf7 Rg2 36. e6 1-0

[Event "LiSB-ch Veterans"]
[Site "Stein"]
[Date "2002.12.01"]
[Round "3"]
[White "Michon, John"]
[Black "Meijerink, Harrie"]
[Result "1-0"]
[WhiteElo "1689"]
[BlackElo "1691"]
[PlyCount "29"]
[EventDate "2002.11.30"]
[EventType "swiss"]
[EventRounds "5"]
[EventCountry "NED"]
[Source "P.Boonen"]
[SourceDate "2012.01.01"]

1. d4 d5 2. c4 c6 3. Nc3 Nf6 4. cxd5 cxd5 5. Nf3 Nc6 6. Bg5 e6 7. e3 Be7 8. Bd3
Qb6 9. Qe2 h6 10. Bh4 O-O 11. O-O Nb4 12. Bb1 Re8 13. a3 Qa5 14. axb4 Qxa1 15.
Bh7+ 1-0

[Event "LiSB-ch Veterans"]
[Site "Stein"]
[Date "2002.12.01"]
[Round "3"]
[White "Schreinemachers, Jo"]
[Black "Tammen, Fred"]
[Result "1/2-1/2"]
[WhiteElo "1619"]
[BlackElo "1639"]
[PlyCount "32"]
[EventDate "2002.11.30"]
[EventType "swiss"]
[EventRounds "5"]
[EventCountry "NED"]
[Source "P.Boonen"]
[SourceDate "2012.01.01"]

1. d4 f5 2. c4 Nf6 3. g3 g6 4. Bg2 Bg7 5. Nf3 O-O 6. O-O d6 7. Nc3 c6 8. d5 e5
9. dxe6 Bxe6 10. Qd3 h6 11. Bf4 d5 12. cxd5 Nxd5 13. Nxd5 Bxd5 14. Be5 Nd7 15.
Bxg7 Kxg7 16. Rfd1 Nf6 1/2-1/2

[Event "LiSB-ch Veterans"]
[Site "Stein"]
[Date "2002.12.07"]
[Round "4"]
[White "Claes, Peter"]
[Black "Michon, John"]
[Result "1-0"]
[WhiteElo "1691"]
[BlackElo "1689"]
[PlyCount "77"]
[EventDate "2002.11.30"]
[EventType "swiss"]
[EventRounds "5"]
[EventCountry "NED"]
[Source "P.Boonen"]
[SourceDate "2012.01.01"]

1. d4 d5 2. c4 c6 3. Nc3 Nf6 4. cxd5 cxd5 5. e3 Nc6 6. Nf3 e6 7. Be2 Bd6 8. O-O
a6 9. a3 O-O 10. Qc2 Bd7 11. e4 dxe4 12. Nxe4 Be7 13. Nc5 b5 14. Bf4 Nd5 15.
Bg3 Bf6 16. Nxd7 Qxd7 17. Ne5 Nxe5 18. dxe5 Rac8 19. Qe4 Bd8 20. Rfd1 Bb6 21.
Bd3 g6 22. h4 f5 23. exf6 Nxf6 24. Qe2 Qf7 25. a4 bxa4 26. Bxa6 Nh5 27. Bxc8
Nxg3 28. Qxe6 Bxf2+ 29. Kh2 Qxe6 30. Bxe6+ Kg7 31. Rxa4 Nh5 32. Rd3 Nf4 33.
Rd7+ Kh6 34. Bc4 Rf5 35. Bg8 Kh5 36. Rxh7+ Kg4 37. Be6 Bxh4 38. Bxf5+ gxf5 39.
Rxh4+ 1-0